| 000 | 01124cam a2200265 4500 | ||
|---|---|---|---|
| 001 | J11970 | ||
| 008 | 000000n2003 000 0 eng u | ||
| 035 | _a(Sirsi) u120546 | ||
| 041 | _aeng. | ||
| 050 |
_a332.6324094 _c18 |
||
| 110 |
_aProperty Data Limited _93654 |
||
| 245 | _aEuropean property developers & investors directory - 2003 edition | ||
| 260 |
_aLondon _bProperty Data Limited _c2003 |
||
| 300 |
_a208p. _c31cm. |
||
| 350 | _a250 | ||
| 520 | _aIncludes the following listings and information: an index of European property developers and investors with website links; index of property developers and investors by regional and sector specialisation; detailed profiles of property companies and funds operating in more than one European country; profiles of property companies and funds by head office location and sector specialisation; detailed profiles of the major European property funds. | ||
| 650 | _aDIRECTORIES | ||
| 650 | _aINVESTORS | ||
| 650 | _aPROPERTY FUNDS | ||
| 650 | _aDEVELOPERS | ||
| 650 | _aREAL ESTATE | ||
| 650 | _aEUROPE | ||
| 690 | _aINTERNATIONAL-EUROPE | ||
| 942 | _n0 | ||
| 999 |
_c102529 _d102529 |
||